| 000 | 02900cam a22004454a 4500 | ||
|---|---|---|---|
| 001 | 10794790 | ||
| 003 | OSt | ||
| 005 | 20210929113414.0 | ||
| 008 | 080424s2008 njuab b 001 0 eng | ||
| 010 | _a 2008019000 | ||
| 020 | _a9780470167359 (cloth : alk. paper) | ||
| 020 | _a0470167351 (cloth : alk. paper) | ||
| 024 | _a99958549640 | ||
| 035 | _a(OCoLC)ocn226308201 | ||
| 035 |
_a(OCoLC)226308201 _z(OCoLC)209803249 |
||
| 035 | _a(NNC)10794790 | ||
| 038 | _aMuzammil SMME | ||
| 040 |
_aDLC _beng _cDLC _dBAKER _dUKM _dYDXCP _dBTCTA _dC#P _dBWX _dCDX _dGA0 _dDHT _dOCLCQ _dCAUOI |
||
| 050 | 0 | 0 |
_aTA168 _b.B53 2008 |
| 082 | 0 | 0 |
_a620.001171 _222 _bBLA |
| 100 | 1 |
_aBlanchard, Benjamin S. _9943 |
|
| 245 | 1 | 0 |
_aSystem engineering management / _cBenjamin S. Blanchard. |
| 250 | _a4th ed. | ||
| 260 |
_aHoboken, N.J. : _bWiley, _cc2008. |
||
| 300 |
_axviii, 539 p. : _bill., map ; _c25 cm. |
||
| 490 | 1 | _aWiley series in systems engineering and management | |
| 500 | _aHardcover. | ||
| 504 | _aIncludes bibliographical references (p. 509-519) and index. | ||
| 505 | 0 | 0 |
_g1. _tIntroduction to System Engineering -- _g2. _tSystem Engineering Process -- _g3. _tSystem Design Requirements -- _g4. _tEngineering Design Methods and Tools -- _g5. _tDesign Review and Evaluation -- _g6. _tSystem Engineering Program Planning -- _g7. _tOrganization for System Engineering -- _g8. _tSystem Engineering Program Evaluation -- _gApp. A. _tFunctional Analysis (Case-Study Examples) -- _gApp. B. _tLife-Cycle Cost-Analysis Process -- _gApp. C. _tSelected Case Studies (Seven Examples) -- _gApp. D. _tDesign Review Checklist -- _gApp. E. _tSupplier Evaluation Checklist -- _gApp. F. _tSelected Bibliography. |
| 520 | 1 | _a"In today's environment, there is an ever-increasing need to develop and produce systems that are robust, reliable, high quality, supportable, cost-effective, and responsive to the needs of the customer or user. Reflecting these worldwide trends, System Engineering Management, Fourth Edition introduces readers to the full range of system engineering concepts, tools, and techniques, emphasizing the application of principles and concepts of system engineering and the way these principles aid in the development, utilization, and support of systems." "Supported by numerous, real-life case studies, this new edition of the classic resource demonstrates - step by step - a comprehensive, top-down, life-cycle approach that system engineers can follow to reduce costs, streamline the design and development process, improve reliability, and win customers."--Jacket. | |
| 563 | _ahardcover | ||
| 650 | 0 |
_aSystems engineering. _91386 |
|
| 650 | 6 |
_aIngénierie des systèmes. _935817 |
|
| 650 | 6 |
_aGestion. _913873 |
|
| 650 | 6 |
_aAnalyse de systèmes. _935818 |
|
| 830 | 0 |
_aWiley series in systems engineering and management. _91592 |
|
| 942 |
_2ddc _cBK |
||
| 948 | 1 |
_a20140610 _bc _cas2107 _dMPS |
|
| 999 |
_c31511 _d31511 |
||